书目信息 |
| 题名: |
调频技术理论及新进展
|
|
| 作者: | 吴伯修 , 沈连丰 编著 | |
| 分册: | ||
| 出版信息: | 北京 人民邮电出版社 1988.05 |
|
| 页数: | 533页 | |
| 开本: | 21cm | |
| 丛书名: | ||
| 单 册: | ||
| 中图分类: | TN76 | |
| 科图分类: | ||
| 主题词: | 调制技术 , 调制器 , 解调技术 , 解调器 | |
| 电子资源: | ||
| ISBN: | 7-115-03538-5 | |
| 000 | 00677nam0 2200241 45 | |
| 001 | 0409061157 | |
| 005 | 20040906113043.0 | |
| 010 | @a7-115-03538-5@dCNY5.85 | |
| 100 | @a20040906d1988 km y0chiy0120 ea | |
| 101 | 0 | @achi |
| 105 | @a z 000yy | |
| 200 | 1 | @a调频技术理论及新进展@ADiao Pin Ji Shu Li Lun Ji Xin Jin Zhan@f吴伯修,沈连丰编著@FWu Bo Xiu,Shen Lian Feng Bian Zhu |
| 210 | @a北京@c人民邮电出版社@d1988.05 | |
| 215 | @a533页@d21cm | |
| 606 | 0 | @a调制技术 |
| 606 | 0 | @a调制器 |
| 606 | 0 | @a解调技术 |
| 606 | 0 | @a解调器 |
| 690 | @aTN76@v3 | |
| 701 | 0 | @a吴伯修@4编著 |
| 701 | 0 | @a沈连丰@4编著 |
| 801 | @aCN@bPftUser@c20040906 | |
| 905 | @f1@b214309@dTN76@e12 | |
| 调频技术理论及新进展/吴伯修,沈连丰编著.-北京:人民邮电出版社,1988.05 |
| 533页;21cm |
| ISBN 7-115-03538-5:CNY5.85 |
| ● |
| 相关链接 |
|
|
|
|
正题名:调频技术理论及新进展
索取号:TN76/12
 
预约/预借
| 序号 | 登录号 | 条形码 | 馆藏地/架位号 | 状态 | 备注 |
| 1 | 0214309 | 001946853 | 第二样本阅览室/ [索取号:TN76/12] | 在馆 |